000 00469nam a2200169Ia 4500
008 230917s9999||||xx |||||||||||||| ||und||
020 _cRS975
040 _e235489
_aMAIN
041 _aEnglish
082 _a820.9352 R129D
100 _aRahman,Anisur, ed.
245 0 _aDiscoursing minority: In text and co text
260 _aJaipur
_bRawat Publications
_c2014
300 _axiv, 335 p.
500 _a2441 21/10/2016 HBD16/6694 21/10/2016 Main Budget
942 _cBK
999 _c19640
_d19640